000 01438cam a22003977a 4500
003 CHAP
005 20220329133410.0
008 971013s r 00010 d
010 _a5913
011 _a6885
035 _a6108
040 _cCHAP
082 _a631.7
_bG57
100 0 0 _aGirón Díaz, Roberto.
_948198
245 0 _aManual técnico de obras de pequeña irrigación
260 _aOaxaca, Oax. :
_bGobierno del Estado de Oaxaca,
_c[199?]
300 _a186 p.
490 0 _aProgramas especiales de pequeña irrigación y desarrollo
590 _aBATCH-UPD
_b10
_c20130110
_lUCH01
_h0059
590 _aBATCH-UPD
_b10
_c20130110
_lUCH01
_h1620
590 _aBATCH-UPD
_b10
_c20130409
_lUCH01
_h2048
590 _aBATCH-UPD
_b10
_c20130410
_lUCH01
_h1014
590 _aBATCH-UPD
_b10
_c20130914
_lUCH01
_h0313
590 _aBATCH-UPD
_b10
_c20130914
_lUCH01
_h2121
590 _aCONVERSION
_b10
_c20130109
_lUCH01
_h1304
650 1 4 _aAgua para irrigacion.
_92430
650 1 4 _aAgua
_xAbastecimiento rural.
_92277
650 1 4 _aIngeniería hidráulica
_xOaxaca.
_958252
650 1 4 _aIrrigación
_xOaxaca.
_960439
700 0 _aHernández Vásquez, Jaime.
_954741
830 0 _aProgramas especiales de pequeña irrigación y desarrollo
_992378
901 _aBK
942 _cLIBRO
949 _a631.7 G57
_bBC
_cLIBRO
_d33724000166484
_eLIBRO
_fc.2
_h82677
_i6108
_si
949 _a631.7 G57
_bBC
_cLIBRO
_d33724000166492
_eLIBRO
_h82676
_i6108
_si
999 _c5913
_d5913